<?xml version="1.0" encoding="UTF-8"?>
<record
    xmlns:xsi="http://www.w3.org/2001/XMLSchema-instance"
    xsi:schemaLocation="http://www.loc.gov/MARC21/slim http://www.loc.gov/standards/marcxml/schema/MARC21slim.xsd"
    xmlns="http://www.loc.gov/MARC21/slim">

  <leader>00898cam a22002531  4500</leader>
  <controlfield tag="001">ne 65001969 </controlfield>
  <controlfield tag="003">DLC</controlfield>
  <controlfield tag="005">20260227111816.0</controlfield>
  <controlfield tag="008">900702m19491954ir ab        f000 0 perr </controlfield>
  <datafield tag="010" ind1=" " ind2=" ">
    <subfield code="a">ne 65001969 </subfield>
  </datafield>
  <datafield tag="035" ind1=" " ind2=" ">
    <subfield code="a">(OCoLC)21953397</subfield>
  </datafield>
  <datafield tag="040" ind1=" " ind2=" ">
    <subfield code="a">DLC</subfield>
    <subfield code="c">WaU</subfield>
    <subfield code="d">OCoLC</subfield>
    <subfield code="d">DLC</subfield>
  </datafield>
  <datafield tag="042" ind1=" " ind2=" ">
    <subfield code="a">premarc</subfield>
  </datafield>
  <datafield tag="043" ind1=" " ind2=" ">
    <subfield code="a">a-ir---</subfield>
  </datafield>
  <datafield tag="050" ind1="0" ind2="0">
    <subfield code="a">DS253</subfield>
    <subfield code="b">.A5</subfield>
  </datafield>
  <datafield tag="110" ind1="1" ind2=" ">
    <subfield code="a">Iran.</subfield>
    <subfield code="b">Sit&#x101;d-i Artish.</subfield>
    <subfield code="b">D&#x101;yirah-i Jughr&#x101;fiy&#x101;'&#x12B;.</subfield>
  </datafield>
  <datafield tag="245" ind1="1" ind2="0">
    <subfield code="a">Farhang-i jughr&#x101;fiy&#x101;&#x2BC;&#x12B;-i Ir&#x101;n.</subfield>
  </datafield>
  <datafield tag="260" ind1=" " ind2=" ">
    <subfield code="a">[Tihr&#x101;n],</subfield>
    <subfield code="b">Dayirah-i Jughrafiy&#x101;&#x2BC;&#x12B;-i Sitad-i Artish,</subfield>
    <subfield code="c">1328-1332 [1949-54]</subfield>
  </datafield>
  <datafield tag="300" ind1=" " ind2=" ">
    <subfield code="a">v.</subfield>
    <subfield code="b">illus., maps (part fold. col.)</subfield>
  </datafield>
  <datafield tag="500" ind1=" " ind2=" ">
    <subfield code="a">Vols. 1-9 compiled under the general editorship of Hossein &#x2BB;Al&#x12B; Razm&#x101;r&#x101;.</subfield>
  </datafield>
  <datafield tag="505" ind1="1" ind2=" ">
    <subfield code="a">v. 1. Ast&#x101;n Markaz&#x12B;.- v. 2. Ast&#x101;n Yakum.- v. 3. Ast&#x101;n Duvum.- v. 4. Ast&#x101;n 3-4: &#x100;zarb&#x101;yij&#x101;n.-</subfield>
  </datafield>
  <datafield tag="651" ind1=" " ind2="0">
    <subfield code="a">Iran</subfield>
    <subfield code="x">Gazetteers.</subfield>
  </datafield>
  <datafield tag="700" ind1="1" ind2=" ">
    <subfield code="a">Razmara, Hossein Ali.</subfield>
  </datafield>
  <datafield tag="999" ind1=" " ind2=" ">
    <subfield code="c">48365</subfield>
    <subfield code="d">48365</subfield>
  </datafield>
</record>
